000 00919nas a2200277 4500
001 BR2022000983
003 BR-BrBNA
005 20231205132328.0
007 ta
008 230509b bl.|||p| |||| 00| 00por d
040 _aBR-BrBNA
_bpor
_cBiblioteca Nacional de Agricultura
041 _a(En)
072 _aH20; H60
100 1 _aJavaid, A.
100 1 _aAfzal, L.
100 1 _aShoaib, A.
245 1 _aBiological control of charcoal rot of mungbean by Trichoderma harzianum and shoot dry biomass of Sisymbrium irio
650 _aMACROPHOMINA PHASEOLINA
650 _aFISIOLOGIA VEGETAL
650 _aTRICHODERMA HARZIANUM
650 _aFEIJÃO MUNGO
773 0 _tPlanta Daninha (Brazil)
_xISSN 1806-9681
_g(2017), v. 35 p. 1-12
_wBR2022000983
856 4 0 _uhttps://www.scielo.br/j/pd/a/ztGwPWX9GY8mzxnBKGMv4kj/?format=pdf lang=en
909 _a202311
_bLúcia
_c55
_dLúcia Elande
942 _2AGRIS
_n0
_cANA
999 _c259729
_d259729